00847nam a2200253 u 450000100070000000500170000700800410002403500110006504000130007604100080008908200080009710000390010524501730014426000430031730000200036065000370038065000350041765000140045265000380046665000300050470000420053450200100057652600070058682891220260506095853.0030702s2003 ||||||m| spa  a828912 ccomduadb aspa 4a02510aMejia Gil, Jhoana Andrea4auteaut10aBiblioteca Cristina Maria Vasquez : cineclub como servicio de extension y organizacion del material bibliografico existente en la Corporacion obra social Nuevos Ideales aMedellín :b[sin publicador],c2003. a33 h. +1 CD-Rom aSistema de almacenamiento masivo aSistematizacion de bibliotecas aCine club aBiblioteca Cristina Maria Ochoa V aExtensión bibliotecaria10aAlvarez Estrada, Lina Yanet4thseths b24c6 a24